[Event "31st Cappelle Open 2015"]
[Site "Cappelle la Grande FRA"]
[Date "2015.03.04"]
[Round "6.9"]
[White "Ulybin, Mikhail"]
[Black "Bluebaum, Matthias"]
[Result "1-0"]
[WhiteTitle "GM"]
[BlackTitle "IM"]
[WhiteElo "2502"]
[BlackElo "2571"]
[WhiteFideId "4101405"]
[BlackFideId "24651516"]
[EventDate "2015.02.28"]

1. e4 e6 2. d4 d5 3. Nd2 Be7 4. Ngf3 Nf6 5. Bd3 c5 6. e5 Nfd7 7. c3 Nc6 8. O-O
g5 9. b4 cxd4 10. cxd4 Nxb4 11. Be2 Nf8 12. Nb3 Ng6 13. Be3 Nc6 14. Qd2 h6 15.
a3 f5 16. exf6 Bxf6 17. Bb5 Qd6 18. Rfc1 O-O 19. Bxc6 bxc6 20. Qc2 Ne7 21. h4
gxh4 22. Bxh6 Rf7 23. Qd2 Ng6 24. Na5 Bd7 25. Nb7 Qc7 26. Nc5 e5 27. dxe5 Nxe5
28. Ng5 Re7 29. Qf4 Bh8 30. Rab1 Qd6 31. Nxd7 Qxd7 32. Qxh4 Rae8 33. Nh3 Qg4 34.
Qg5+ Kf7 35. Qxg4 Nxg4 36. Bf4 Bd4 37. Kf1 Rc8 38. Rc2 Kg6 39. Rd1 Bf6 40. Rxd5
cxd5 41. Rxc8 Ne5 42. Rd8 Nd3 43. Bd2 d4 44. Rd6 Kf7 45. g4 Rb7 46. Ng5+ Kg7 47.
Ne6+ Kf7 48. Nxd4 Ne5 49. g5 Be7 50. Ra6 Rd7 51. Bf4 Ng6 52. Be3 Bxg5 53. Bxg5
Rxd4 54. Rxa7+ Ke6 55. a4 Ne5 56. Ra6+ Kd5 57. Bf6 Rd1+ 58. Ke2 Ra1 59. Ra5+ 1-0

[Event "31st Cappelle Open 2015"]
[Site "Cappelle la Grande FRA"]
[Date "2015.03.04"]
[Round "6.10"]
[White "Baklan, Vladimir"]
[Black "Pacher, Milan"]
[Result "1/2-1/2"]
[WhiteTitle "GM"]
[BlackTitle "IM"]
[WhiteElo "2652"]
[BlackElo "2432"]
[WhiteFideId "14102196"]
[BlackFideId "14907445"]
[EventDate "2015.02.28"]

1. e4 e5 2. Nf3 Nc6 3. Bb5 a6 4. Ba4 Nf6 5. O-O Be7 6. d3 d6 7. c3 O-O 8. Re1 b5
9. Bc2 d5 10. Nbd2 d4 11. Nb3 a5 12. a4 bxa4 13. Rxa4 Nd7 14. Rc4 a4 15. Nbxd4
exd4 16. Rxc6 dxc3 17. Rxc3 Bb4 18. Bxa4 Nb6 19. Bg5 f6 20. Bb3+ Kh8 21. Be3
Bxc3 22. bxc3 Qe7 23. h3 Be6 24. Nd4 Bxb3 25. Qxb3 Ra3 26. Qe6 Qxe6 27. Nxe6 Rc8
28. Nxc7 Rxc7 29. Bxb6 Rcxc3 30. d4 Kg8 31. Bc5 Rxc5 32. dxc5 Rc3 33. Rd1 Rxc5
34. Rd8+ Kf7 35. Rd7+ Kg6 36. g4 h5 37. Kg2 hxg4 38. hxg4 Rc3 39. f3 Rb3 40. Kg3
Ra3 41. Rd5 Ra1 42. Kf4 Rg1 43. Rd6 Ra1 44. g5 Ra5 45. gxf6 gxf6 46. Rd7 Ra4 47.
Rb7 Rc4 48. Rb5 Ra4 49. Kg4 Rc4 50. Kf4 Ra4 51. Rb3 Ra5 52. Rd3 Rb5 53. Kg4 Rg5+
54. Kf4 Rb5 55. Rd5 Rb3 56. Rd6 Rb5 57. Ke3 Rb1 58. f4 Re1+ 59. Kd4 Rf1 60. f5+
Kg5 61. Kd5 Ra1 62. Rc6 Ra5+ 63. Rc5 Ra8 64. Rc7 Ra5+ 65. Kd6 Kf4 66. Re7 Ra4
67. Re6 Kg5 68. Ke7 Ra7+ 69. Kf8 Ra8+ 70. Kf7 Ra7+ 71. Re7 Ra6 72. Kg7 Rb6 73.
Kh7 Rb5 74. Kg7 Rb6 75. Ra7 Rb4 76. e5 fxe5 77. f6 e4 78. f7 Rb8 79. Re7 Kf4 80.
Re8 Rb7 81. Kg6 Rxf7 82. Kxf7 e3 83. Ke6 e2 84. Kd5 Kf3 85. Rxe2 1/2-1/2

[Event "31st Cappelle Open 2015"]
[Site "Cappelle la Grande FRA"]
[Date "2015.03.04"]
[Round "6.11"]
[White "Kanep, Meelis"]
[Black "Gharamian, Tigran"]
[Result "1/2-1/2"]
[WhiteTitle "GM"]
[BlackTitle "GM"]
[WhiteElo "2509"]
[BlackElo "2651"]
[WhiteFideId "4501047"]
[BlackFideId "13301527"]
[EventDate "2015.02.28"]

1. d4 Nf6 2. c4 g6 3. Nc3 d5 4. cxd5 Nxd5 5. Nxd5 Qxd5 6. e3 Bg7 7. Ne2 O-O 8.
Nc3 Qd8 9. Be2 c6 10. O-O e5 11. dxe5 Bxe5 12. e4 Qe7 13. Be3 Nd7 14. Qc2 Nf6
15. Rae1 Re8 16. h3 Be6 17. Na4 Rad8 18. Bc5 Qd7 19. Rd1 Qc7 20. Rxd8 Qxd8 21.
Bxa7 1/2-1/2

[Event "31st Cappelle Open 2015"]
[Site "Cappelle la Grande FRA"]
[Date "2015.03.04"]
[Round "6.12"]
[White "Iturrizaga Bonelli, Eduardo"]
[Black "Riff, Jean-Noel"]
[Result "1/2-1/2"]
[WhiteTitle "GM"]
[BlackTitle "GM"]
[WhiteElo "2640"]
[BlackElo "2507"]
[WhiteFideId "3901211"]
[BlackFideId "611190"]
[EventDate "2015.02.28"]

1. Nf3 c5 2. c4 Nf6 3. g3 d5 4. Bg2 Nc6 5. O-O d4 6. e3 e5 7. exd4 exd4 8. d3
Be7 9. Bf4 O-O 10. Ne5 Nxe5 11. Bxe5 Ng4 12. Re1 Bd6 13. Bxd6 Qxd6 14. Nd2 Nf6
15. Ne4 Nxe4 16. Bxe4 Rb8 17. Qh5 g6 18. Qg5 b6 19. Re2 Bd7 20. Rae1 Rbe8 21.
Bd5 1/2-1/2

[Event "31st Cappelle Open 2015"]
[Site "Cappelle la Grande FRA"]
[Date "2015.03.05"]
[Round "7.2"]
[White "Kovalenko, Igor"]
[Black "Kotronias, Vasilios"]
[Result "0-1"]
[WhiteTitle "GM"]
[BlackTitle "GM"]
[WhiteElo "2656"]
[BlackElo "2565"]
[WhiteFideId "14117908"]
[BlackFideId "5900212"]
[EventDate "2015.02.28"]

1. d4 Nf6 2. c4 g6 3. Nf3 Bg7 4. g3 O-O 5. Bg2 d6 6. Nc3 Nbd7 7. O-O e5 8. e4 c6
9. Be3 Ng4 10. Bg5 f6 11. Bc1 exd4 12. Nxd4 Nc5 13. Rb1 a5 14. b3 f5 15. exf5
Qf6 16. Nce2 Bxf5 17. Nxf5 Qxf5 18. Ba3 Nxf2 19. Qxd6 Nce4 20. Qf4 Qh5 21. Bxf8
Rxf8 22. Bxe4 Nh3+ 23. Kh1 Nxf4 24. Nxf4 Qe5 25. Rfe1 Qc3 26. Re2 Bh6 27. Nd3
Rd8 28. Rf1 a4 29. Nc5 axb3 30. axb3 Qb4 31. Ne6 Rd2 32. Ree1 Qxb3 33. Ra1 Ra2
34. Rad1 Ra8 35. Bd3 Be3 36. Be2 Re8 37. Rd3 Qb6 38. Bg4 Bh6 39. c5 Qb4 40. Rd4
Qc3 41. Rfd1 Qe3 42. Nd8 Bf8 43. Nxb7 h5 44. Bh3 Qb3 45. Nd8 Re2 46. Rf1 Qa2 47.
Ne6 Rxh2+ 48. Kg1 Be7 49. Ra4 Qxa4 50. Kxh2 Qa2+ 51. Kg1 g5 52. Bf5 Qd5 53. Kh2
Qe5 54. Kg2 g4 55. Rf4 Qd5+ 56. Kh2 Bxc5 57. Nxc5 Qxc5 58. Be4 Kg7 59. Rf5 Qc4
60. Bg2 Kg6 61. Rf4 Qc2 62. Kh1 Qd1+ 63. Kh2 Qd6 64. Be4+ Kh6 65. Rf7 Qd2+ 66.
Bg2 c5 67. Rc7 Qf2 68. Rc6+ Kg5 69. Rc8 Qd4 70. Rg8+ Kh6 71. Rc8 c4 72. Rc6+ Kg5
73. Re6 c3 74. Be4 Qf2+ 75. Bg2 c2 76. Rc6 Qd2 77. Re6 Qxg2+ 0-1

[Event "31st Cappelle Open 2015"]
[Site "Cappelle la Grande FRA"]
[Date "2015.03.05"]
[Round "7.3"]
[White "Onischuk, Vladimir"]
[Black "Mekhitarian, Krikor Sevag"]
[Result "1/2-1/2"]
[WhiteTitle "GM"]
[BlackTitle "GM"]
[WhiteElo "2629"]
[BlackElo "2556"]
[WhiteFideId "14114038"]
[BlackFideId "2107660"]
[EventDate "2015.02.28"]

1. e4 e5 2. Nf3 Nc6 3. Bb5 Nf6 4. d3 Bc5 5. c3 O-O 6. Nbd2 d6 7. O-O a6 8. Ba4
b5 9. Bc2 h6 10. h3 Ba7 11. Re1 Re8 12. Nf1 d5 13. Qe2 Be6 14. exd5 Bxd5 15. Ng3
Qd7 16. a4 Rad8 17. Nh4 Bc5 18. Nhf5 Bf8 19. Be3 Ne7 20. Nxe7+ Bxe7 21. axb5
axb5 22. Ra7 Qc6 23. f3 Ra8 24. Rxa8 Rxa8 25. d4 exd4 26. Nf5 Bc5 27. Nxd4 Qb7
28. b4 Bb6 29. Bf2 c6 30. Nf5 Bxf2+ 31. Qxf2 Qa7 32. Nd4 Qc7 33. Qe3 Kf8 34. Kf2
Re8 35. Qd2 Rxe1 36. Qxe1 Nh5 37. Nf5 Be6 38. Ne3 1/2-1/2

[Event "31st Cappelle Open 2015"]
[Site "Cappelle la Grande FRA"]
[Date "2015.03.05"]
[Round "7.4"]
[White "Vovk, Andrey"]
[Black "Ulybin, Mikhail"]
[Result "1/2-1/2"]
[WhiteTitle "GM"]
[BlackTitle "GM"]
[WhiteElo "2642"]
[BlackElo "2502"]
[WhiteFideId "14114470"]
[BlackFideId "4101405"]
[EventDate "2015.02.28"]

1. e4 e6 2. d4 d5 3. Nd2 c5 4. Ngf3 Nf6 5. e5 Nfd7 6. c3 Nc6 7. Bd3 cxd4 8. cxd4
f6 9. exf6 Qxf6 10. O-O Bd6 11. Re1 O-O 12. Bxh7+ Kxh7 13. Rxe6 Bxh2+ 14. Kxh2
Qf5 15. Re3 Nf6 16. Kg1 Kg8 17. b4 Ng4 18. Re2 Qd3 19. Rb1 Rxf3 20. Rb3 Qxe2 21.
Qxe2 Rxf2 22. Qe8+ Rf8 23. Qh5 Rf5 24. Qh4 Nxd4 25. Qd8+ Kf7 26. Rf3 Nxf3+ 27.
Nxf3 Nf6 28. Bb2 d4 29. Bxd4 Rd5 30. Qc7+ Kg8 31. Qg3 Ng4 32. Qc7 Nf6 33. Bb2
Be6 34. Qxb7 Rd1+ 35. Kh2 Bd5 36. Qc7 Bxf3 37. Bxf6 gxf6 38. gxf3 Rd5 39. Kg3
Rg5+ 40. Kf4 Rg7 41. Qc4+ Kh8 42. Kf5 Rf8 43. f4 Rgf7 44. a4 Kg7 45. Qc5 Rh8 46.
Qg1+ Kf8 47. Qd1 Kg7 48. b5 Rc8 49. Qd4 Rh8 50. Qd1 Rc8 51. Qd5 Rh8 52. Qg2+ Kf8
53. Ke6 Rh6 54. f5 Rh4 55. Qc2 Rh1 56. a5 Re1+ 57. Kd6 Re5 58. b6 axb6 59. axb6
Ree7 60. Kc6 Kg7 61. Qg2+ Kh7 62. Qg3 Rd7 63. Qh2+ Kg7 64. Qb8 Rde7 65. Qc8 Kh6
66. Kd6 Kg7 67. Qc4 Rd7+ 68. Kc6 Rde7 69. Qg4+ Kh7 70. Qg6+ Kh8 71. Qg2 Kh7 72.
Kb5 Rd7 73. Ka6 Rde7 74. Qh3+ Kg7 75. Qg3+ Kh7 76. Kb5 Rd7 77. Kc6 Rde7 78. Qb8
Kg7 79. Qd8 Kh7 80. Kd6 Rb7 81. Ke6 Kg7 82. Qd6 Kg8 83. Qc5 Kg7 84. Qg1+ Kf8 85.
Kd6 Rb8 86. Kc6 Rc8+ 87. Kb5 Re8 88. Qg2 Re1 89. b7 Rb1+ 90. Ka6 Ra1+ 91. Kb6
Rb1+ 92. Ka7 Re7 93. Qc6 Kg7 94. Qg2+ Kf8 95. Kb8 Re8+ 96. Kc7 Re7+ 97. Kc8 Re8+
98. Kd7 Re7+ 99. Kc8 Re8+ 100. Kc7 Re7+ 101. Kb8 Re8+ 102. Ka7 1/2-1/2

[Event "31st Cappelle Open 2015"]
[Site "Cappelle la Grande FRA"]
[Date "2015.03.05"]
[Round "7.5"]
[White "Gupta, Abhijeet"]
[Black "Kulaots, Kaido"]
[Result "0-1"]
[WhiteTitle "GM"]
[BlackTitle "GM"]
[WhiteElo "2621"]
[BlackElo "2558"]
[WhiteFideId "5010608"]
[BlackFideId "4500261"]
[EventDate "2015.02.28"]

1. d4 Nf6 2. c4 g6 3. Nc3 Bg7 4. e4 d6 5. Nf3 O-O 6. h3 e5 7. d5 Nh5 8. g3 a5 9.
Nh2 Na6 10. Be2 Nf6 11. Ng4 Nd7 12. Nh6+ Kh8 13. h4 Ndc5 14. g4 f5 15. h5 fxe4
16. hxg6 Qf6 17. Nf7+ Kg8 18. Nh6+ Bxh6 19. gxh7+ Kh8 20. Bxh6 Bxg4 21. Kd2 Qxf2
22. Qg1 e3+ 23. Bxe3 Ne4+ 24. Kc2 Nb4+ 25. Kb3 Qxg1 26. Raxg1 Bxe2 27. Nxe4 Rf3
28. Rg3 b5 29. Kc3 bxc4 30. Kd2 Rxg3 31. Nxg3 Bf3 32. Rh4 Rf8 33. Rxc4 Rf7 34.
Bg5 Rxh7 35. Nf5 Nxd5 36. Nh4 Bh5 37. Nf5 Bg6 38. Ne3 Rh2+ 39. Kc1 Rh1+ 40. Kd2
Rh2+ 41. Kc1 Nb4 42. Rh4+ Rxh4 43. Bxh4 Nxa2+ 44. Kd2 Nb4 45. Bd8 Na6 46. Nd5
Kg7 47. Nxc7 Nc5 48. Ke3 Kf7 49. Bh4 a4 50. Kd2 Be4 51. Kc3 Bc6 52. Kb4 Nd3+ 53.
Ka3 d5 54. b4 axb3 55. Kxb3 Kg6 56. Ne6 Kf5 57. Kc3 Nc1 58. Kc2 Ne2 59. Kd2 Ng1
60. Ng5 Bb5 61. Bf2 Ne2 62. Nf7 Ba6 63. Nd6+ Ke6 64. Nb7 Bb5 65. Nc5+ Kd6 66.
Nb7+ Kc7 67. Nc5 Nf4 68. Bg3 Ng6 69. Nb3 Kd7 70. Bh2 Ke6 71. Nc5+ Kf5 72. Nb7
Ba6 73. Nd8 d4 74. Nf7 Ke6 75. Ng5+ Kd5 76. Nh7 Nh4 77. Bg3 Nf3+ 78. Kd1 Ke6 79.
Nf8+ Kf5 80. Nd7 e4 81. Nc5 Bb5 82. Nb7 Ke6 83. Nd6 Bd3 0-1

[Event "31st Cappelle Open 2015"]
[Site "Cappelle la Grande FRA"]
[Date "2015.03.05"]
[Round "7.6"]
[White "Vidit, Santosh Gujrathi"]
[Black "Perez Ponsa, Federico"]
[Result "1/2-1/2"]
[WhiteTitle "GM"]
[BlackTitle "GM"]
[WhiteElo "2617"]
[BlackElo "2558"]
[WhiteFideId "5029465"]
[BlackFideId "117927"]
[EventDate "2015.02.28"]

1. d4 Nf6 2. c4 g6 3. Nc3 Bg7 4. e4 d6 5. f3 O-O 6. Be3 c5 7. Nge2 Nc6 8. d5 Ne5
9. Ng3 h5 10. Be2 h4 11. Nf1 e6 12. f4 Nxc4 13. Bxc4 b5 14. Bxb5 exd5 15. e5 d4
16. exf6 Bxf6 17. Nd5 dxe3 18. Nfxe3 Bd4 19. Nc2 Qa5+ 20. Qd2 Qxb5 21. Nxd4 cxd4
22. Nf6+ Kh8 23. Qxd4 Qc5 24. Qxc5 dxc5 25. O-O-O Kg7 26. Nd7 Re8 27. Rd2 Re4
28. Rf1 Ba6 29. Rf3 Be2 30. Rc3 Bg4 31. Nxc5 Rxf4 32. b3 Re8 33. Kb2 Bf5 34. a4
Rf1 35. Rc4 g5 36. a5 Rfe1 37. Rcd4 Rb1+ 38. Ka2 Ree1 39. Rd5 Kg6 40. Rf2 Ra1+
41. Kb2 Rab1+ 1/2-1/2

[Event "31st Cappelle Open 2015"]
[Site "Cappelle la Grande FRA"]
[Date "2015.03.05"]
[Round "7.7"]
[White "Rychagov, Andrey"]
[Black "L'Ami, Erwin"]
[Result "1/2-1/2"]
[WhiteTitle "GM"]
[BlackTitle "GM"]
[WhiteElo "2550"]
[BlackElo "2606"]
[WhiteFideId "4119932"]
[BlackFideId "1007998"]
[EventDate "2015.02.28"]

1. d4 f5 2. Nc3 Nf6 3. Bg5 d5 4. e3 e6 5. Nf3 Be7 6. Bd3 O-O 7. Ne2 Ne4 8. Bxe7
Qxe7 9. O-O c5 10. c4 dxc4 11. Bxc4 Nd6 12. Bb3 c4 13. Bc2 b5 14. b3 Bb7 15. a4
a6 16. axb5 axb5 17. Rxa8 Bxa8 18. bxc4 Bxf3 19. gxf3 bxc4 20. f4 Nc6 21. Qd2
Qf7 22. Rb1 Ra8 23. h3 Qd7 24. d5 Ne8 25. Nc3 Ne7 26. Rd1 exd5 27. Nxd5 Nxd5 28.
Qxd5+ Qxd5 29. Rxd5 g6 30. Rc5 Nd6 31. Rc6 Ra2 32. Rxd6 1/2-1/2

[Event "31st Cappelle Open 2015"]
[Site "Cappelle la Grande FRA"]
[Date "2015.03.05"]
[Round "7.8"]
[White "Vazquez Igarza, Renier"]
[Black "Malakhatko, Vadim"]
[Result "1-0"]
[WhiteTitle "GM"]
[BlackTitle "GM"]
[WhiteElo "2592"]
[BlackElo "2522"]
[WhiteFideId "3503054"]
[BlackFideId "14104202"]
[EventDate "2015.02.28"]

1. d4 d5 2. c4 c6 3. Nf3 Nf6 4. Nc3 e6 5. Bg5 Nbd7 6. cxd5 exd5 7. e3 Be7 8. Bd3
Nh5 9. Bxe7 Qxe7 10. O-O O-O 11. Rb1 a5 12. a3 g6 13. b4 axb4 14. axb4 Nb6 15.
h3 Ng7 16. b5 c5 17. dxc5 Qxc5 18. Rc1 Qb4 19. Nd4 Ne6 20. Nce2 Nxd4 21. Nxd4
Bd7 22. Qf3 Qd6 23. Qe2 Rfc8 24. Rfd1 Qa3 25. Rb1 Na4 26. Rb3 Qd6 27. Qd2 Nc5
28. Rc3 b6 29. Rdc1 Rc7 30. Qd1 Rca7 31. Be2 Ra2 32. Bf3 Ne4 33. R3c2 Qf6 34.
Rxa2 Rxa2 35. Qb3 Rd2 36. Qxd5 Nc5 37. Rd1 Rb2 38. Qa8+ Kg7 39. Qa3 1-0

[Event "31st Cappelle Open 2015"]
[Site "Cappelle la Grande FRA"]
[Date "2015.03.05"]
[Round "7.9"]
[White "Djukic, Nikola"]
[Black "Burmakin, Vladimir"]
[Result "1/2-1/2"]
[WhiteTitle "GM"]
[BlackTitle "GM"]
[WhiteElo "2529"]
[BlackElo "2581"]
[WhiteFideId "922412"]
[BlackFideId "4105109"]
[EventDate "2015.02.28"]

1. e4 c6 2. d4 d5 3. Nc3 dxe4 4. Nxe4 Nd7 5. Nf3 Ngf6 6. Nxf6+ Nxf6 7. c3 Bg4 8.
h3 Bxf3 9. Qxf3 Qd5 10. Be2 Qxf3 11. Bxf3 e6 12. O-O Bd6 13. Bd2 O-O-O 14. Rad1
Rhe8 15. Rfe1 Rd7 16. Bc1 Bc7 17. g3 Red8 18. Kg2 Bd6 19. Be2 Bc7 20. f4 Nd5 21.
Kf3 Kb8 22. Bd3 Ne7 23. Bc2 Nf5 24. Re2 c5 25. Bxf5 exf5 26. Be3 Bb6 27. Red2
cxd4 28. Bxd4 Bxd4 29. Rxd4 Rxd4 30. Rxd4 Rxd4 31. cxd4 Kc7 32. Ke3 Kc6 33. Kd3
Kd5 34. b3 b5 1/2-1/2

[Event "31st Cappelle Open 2015"]
[Site "Cappelle la Grande FRA"]
[Date "2015.03.05"]
[Round "7.10"]
[White "Arizmendi Martinez, Julen Luis"]
[Black "Kovchan, Alexander"]
[Result "1/2-1/2"]
[WhiteTitle "GM"]
[BlackTitle "GM"]
[WhiteElo "2522"]
[BlackElo "2576"]
[WhiteFideId "2205092"]
[BlackFideId "14103052"]
[EventDate "2015.02.28"]

1. e4 c5 2. Nf3 d6 3. Bb5+ Bd7 4. Bxd7+ Nxd7 5. O-O Ngf6 6. Qe2 Rc8 7. Rd1 a6 8.
d3 e6 9. c4 Be7 10. Nc3 O-O 11. b3 h6 12. Bb2 e5 13. Nd2 Rb8 14. Nf1 b5 15. Ne3
b4 16. Nb1 g6 17. Nd2 a5 18. a4 Nh5 19. g3 Bg5 20. Nf3 Bxe3 21. Qxe3 g5 22. h4
f6 23. Kg2 Qe8 24. Rh1 Qg6 25. Qe2 Ng7 26. h5 Nxh5 27. Nxe5 fxe5 28. Qxh5 Rf6
29. Qxg6+ Rxg6 30. Bc1 Nf8 31. Be3 Ne6 32. g4 Rf8 33. Raf1 Kg7 34. Rh3 Rgf6 35.
f3 R8f7 36. Kf2 Nf8 37. Ke2 Ng6 38. Bd2 Rf8 39. Be3 Nh4 40. Bd2 Ng6 1/2-1/2

[Event "31st Cappelle Open 2015"]
[Site "Cappelle la Grande FRA"]
[Date "2015.03.05"]
[Round "7.11"]
[White "Arun Prasad, S."]
[Black "Stupak, Kirill"]
[Result "1/2-1/2"]
[WhiteTitle "GM"]
[BlackTitle "GM"]
[WhiteElo "2502"]
[BlackElo "2568"]
[WhiteFideId "5011167"]
[BlackFideId "13503758"]
[EventDate "2015.02.28"]

1. c4 g6 2. d4 Bg7 3. e4 d6 4. Nc3 e5 5. Nf3 exd4 6. Nxd4 Nc6 7. Be3 Nge7 8. h4
O-O 9. h5 f5 10. hxg6 hxg6 11. exf5 Bxd4 12. Bxd4 Nxf5 13. Rh8+ Kf7 14. Rh7+ Kg8
15. Rh8+ Kf7 16. Rh7+ Kg8 17. Rh8+ 1/2-1/2

[Event "31st Cappelle Open 2015"]
[Site "Cappelle la Grande FRA"]
[Date "2015.03.05"]
[Round "7.12"]
[White "Pacher, Milan"]
[Black "Dragun, Kamil"]
[Result "1/2-1/2"]
[WhiteTitle "IM"]
[BlackTitle "GM"]
[WhiteElo "2432"]
[BlackElo "2558"]
[WhiteFideId "14907445"]
[BlackFideId "1134167"]
[EventDate "2015.02.28"]

1. d4 Nf6 2. c4 e6 3. Nc3 Bb4 4. Nf3 b6 5. e3 O-O 6. Bd3 d5 7. O-O Ba6 8. Qb3
Nc6 9. Rd1 Bxc3 10. Qxc3 dxc4 11. Bxc4 Ne4 12. Qd3 Bxc4 13. Qxc4 Qd5 14. Qxd5
exd5 15. Bd2 Rfc8 16. Rac1 Nd8 17. Ne5 c6 18. f3 Nd6 19. Bb4 N6b7 20. Ba3 f6 21.
Nd3 Kf7 22. Kf2 Ne6 23. Nb4 Na5 24. b3 Ke8 25. Bb2 Kd7 26. h4 Re8 27. g4 Rac8
28. e4 Nc7 29. Re1 Re6 30. Nd3 Nb7 31. e5 Rf8 32. exf6 gxf6 33. g5 Rxe1 34. Rxe1
Ne6 35. Ba3 c5 36. dxc5 bxc5 37. gxf6 Rxf6 38. Re5 Kd6 39. b4 cxb4 40. Bxb4+ Kc6
41. Be7 Rg6 42. Nb4+ Kd7 43. Nxd5 Nd6 44. Bg5 Nf7 45. Nf6+ Kd6 46. Ra5 Nfxg5 47.
hxg5 Nxg5 48. Nxh7 Nh3+ 49. Ke3 Rg7 50. Nf6 Kc6 51. Ne4 Rf7 52. Ra6+ Kd5 53. Rf6
Rxf6 54. Nxf6+ Kc4 55. Ne4 Kb4 56. Nf2 Ng5 57. f4 Nf7 58. Ne4 a5 59. Kd3 Nh6 60.
Nc3 Nf5 61. Nb1 Ng3 62. Kd4 a4 63. Kd5 Nf5 64. Ke5 Nh6 65. f5 Kc4 66. Ke4 Nxf5
67. Kxf5 Kd3 68. Na3 Kc3 69. Ke4 Kb2 1/2-1/2

[Event "31st Cappelle Open 2015"]
[Site "Cappelle la Grande FRA"]
[Date "2015.03.06"]
[Round "8.1"]
[White "Kotronias, Vasilios"]
[Black "Onischuk, Vladimir"]
[Result "0-1"]
[WhiteTitle "GM"]
[BlackTitle "GM"]
[WhiteElo "2565"]
[BlackElo "2629"]
[WhiteFideId "5900212"]
[BlackFideId "14114038"]
[EventDate "2015.02.28"]

1. e4 c6 2. d4 d5 3. Nc3 dxe4 4. Nxe4 Bf5 5. Ng3 Bg6 6. h4 h6 7. Nf3 Nd7 8. h5
Bh7 9. Bd3 Bxd3 10. Qxd3 e6 11. Bf4 Ngf6 12. O-O-O Be7 13. Kb1 a5 14. Ne4 Nxe4
15. Qxe4 Nf6 16. Qe2 Qd5 17. Bc1 Nxh5 18. Ne5 Nf6 19. f3 a4 20. Rd3 Rf8 21. Bd2
Qb5 22. c4 Qa6 23. Rc1 Bd6 24. Qe1 Nd7 25. Bb4 Bxb4 26. Qxb4 O-O-O 27. Nxd7 Kxd7
28. Ra3 Ra8 29. d5 cxd5 30. cxd5 Rfc8 31. Re1 Ke8 32. Qe4 Kf8 33. Qh7 Rd8 34.
dxe6 fxe6 35. Rae3 Rd6 36. a3 Rad8 37. Re4 Rd1+ 38. Ka2 R1d4 39. Rc1 Qd6 40. Rg4
Qd5+ 41. Ka1 Rxg4 42. fxg4 Qe5 43. Rf1+ Ke7 44. Qc2 Rd4 45. Qf2 Qf6 46. Qg1 Qe5
47. Qf2 Kd7 48. Rc1 Qf4 49. Qc2 Ke7 50. Qc8 Kf6 51. Qf8+ Kg6 52. Qe8+ Kh7 53.
Rc8 Qxg4 54. Qg8+ Kg6 55. Qe8+ Kg5 56. Qe7+ Kh5 57. Qf7+ g6 58. Rc5+ Rd5 59. Rc3
Qf5 60. g4+ Kxg4 0-1

[Event "31st Cappelle Open 2015"]
[Site "Cappelle la Grande FRA"]
[Date "2015.03.06"]
[Round "8.3"]
[White "Kulaots, Kaido"]
[Black "Bachmann, Axel"]
[Result "1/2-1/2"]
[WhiteTitle "GM"]
[BlackTitle "GM"]
[WhiteElo "2558"]
[BlackElo "2601"]
[WhiteFideId "4500261"]
[BlackFideId "3700488"]
[EventDate "2015.02.28"]

1. e4 e5 2. Nf3 Nc6 3. Bb5 a6 4. Ba4 Nf6 5. O-O b5 6. Bb3 Bb7 7. d3 Be7 8. Nc3
O-O 9. a3 d6 10. Bd2 Qd7 11. Re1 Rae8 12. a4 Nd4 13. Nxd4 exd4 14. Ne2 c5 15.
axb5 axb5 16. Ng3 Bd8 17. c3 dxc3 18. Bxc3 Bc6 19. d4 b4 20. Bd2 Bxe4 21. Nxe4
Rxe4 22. Rxe4 Nxe4 23. dxc5 dxc5 24. Be3 Qxd1+ 25. Rxd1 Bg5 26. Bxg5 Nxg5 27.
Rd7 Ne6 28. g3 Ra8 29. Bc4 Ra1+ 30. Kg2 h5 31. h4 g6 32. b3 Kf8 33. Rb7 Rc1 34.
Ra7 Re1 35. Rb7 Re5 36. Ra7 Re1 37. Rb7 Rd1 38. Ra7 Rd6 39. Kf3 Kg7 40. Ke3 Kf6
41. Rb7 Rd1 42. Ke2 Rd8 43. Ra7 Re8 44. Kd3 Re7 45. Ra5 Rd7+ 46. Ke3 Rd1 47. Ra7
Rc1 48. Rb7 Rc3+ 49. Ke4 g5 50. hxg5+ Nxg5+ 51. Kd5 Ne6 52. Ke4 Ng5+ 53. Kd5 Rf3
54. Kxc5 Rxf2 55. Rxb4 Rg2 56. Bd5 Rxg3 57. Rh4 Ne6+ 58. Bxe6 fxe6 59. Rxh5 Rxb3
60. Kd4 e5+ 61. Rxe5 Rb4+ 62. Kc5 Rb5+ 63. Kxb5 Kxe5 1/2-1/2

[Event "31st Cappelle Open 2015"]
[Site "Cappelle la Grande FRA"]
[Date "2015.03.06"]
[Round "8.4"]
[White "Ulybin, Mikhail"]
[Black "Vazquez Igarza, Renier"]
[Result "1-0"]
[WhiteTitle "GM"]
[BlackTitle "GM"]
[WhiteElo "2502"]
[BlackElo "2592"]
[WhiteFideId "4101405"]
[BlackFideId "3503054"]
[EventDate "2015.02.28"]

1. d4 Nf6 2. c4 e6 3. g3 c5 4. Nf3 cxd4 5. Nxd4 d5 6. Bg2 e5 7. Nf3 d4 8. O-O
Nc6 9. e3 Be7 10. exd4 exd4 11. Bf4 O-O 12. Ne5 Qb6 13. Qb3 Na5 14. Qb5 Be6 15.
b3 Qxb5 16. cxb5 a6 17. b6 Bc5 18. Rc1 Rac8 19. Rxc5 Rxc5 20. b4 Rb5 21. bxa5
Rxa5 22. Bxb7 Rxa2 23. Rxa2 Bxa2 24. Bc6 Rb8 25. Nc4 Rxb6 26. Nxb6 Bxb1 27. f3 1-0

[Event "31st Cappelle Open 2015"]
[Site "Cappelle la Grande FRA"]
[Date "2015.03.06"]
[Round "8.5"]
[White "Nevednichy, Vladislav"]
[Black "Kovalenko, Igor"]
[Result "1-0"]
[WhiteTitle "GM"]
[BlackTitle "GM"]
[WhiteElo "2557"]
[BlackElo "2656"]
[WhiteFideId "1205730"]
[BlackFideId "14117908"]
[EventDate "2015.02.28"]

1. e4 c5 2. Nf3 e6 3. d4 cxd4 4. Nxd4 a6 5. Nc3 Qc7 6. f4 b5 7. Bd3 Bb7 8. Qe2
Nf6 9. e5 b4 10. Ne4 Nxe4 11. Bxe4 Bc5 12. Nb3 Bb6 13. Bxb7 Qxb7 14. Be3 O-O 15.
Bxb6 Qxb6 16. O-O-O a5 17. Rd6 Nc6 18. Nd2 a4 19. Kb1 Qa7 20. Qd3 a3 21. Rxd7
Qb6 22. Nc4 Qf2 23. Qe4 Na7 24. Nd6 axb2 25. Rd1 Rab8 26. Qd4 Qxd4 27. Rxd4 Nb5
28. Nxb5 Rxb5 29. Kxb2 f6 30. Re7 fxe5 31. Rdd7 Rxf4 32. Rxg7+ Kh8 33. Rxh7+ Kg8
34. Rdg7+ Kf8 35. Rc7 Kg8 36. Rhg7+ Kh8 37. Rge7 Rg4 38. g3 Rb6 39. Rc8+ Rg8 40.
Rc4 Ra8 41. Rec7 Kg8 42. Rg4+ Kh8 43. Rc5 Rba6 44. Rxe5 Rxa2+ 45. Kc1 R8a7 46.
Rh5+ Rh7 47. Rxh7+ Kxh7 48. Rxb4 Kg6 49. Kd2 Ra3 50. Rb3 Ra1 51. Rf3 Kg5 52. Rf2
e5 53. Kd3 Rd1+ 54. Ke3 Re1+ 55. Re2 Rd1 56. c4 Rc1 57. Kd3 Kf5 58. Rf2+ Ke6 59.
Rf8 Rd1+ 60. Kc2 Ra1 61. h4 Kd6 62. h5 Rh1 63. Rh8 e4 64. h6 1-0